000 00721nam a2200241 i 4500
001 173525
003 ES-MaACL
005 20251130063155.0
008 091204s1973 xxu |||| | eng d
020 _a90277-0252-7
080 _a001:1
080 _a001.8
100 1 _aBunge, Mario,
_d1919-
_9165711
245 1 0 _aMethod, model and matter /
_cby Mario Bunge.
260 _aDordrecht ;
_aBoston :
_bReidel,
_c[1973]
300 _aVI, 198 p. ;
_c23 cm.
490 1 _aSynthese library
650 1 4 _aCiencia-
_xMetodologĂ­a
_910958
650 _aCiencia-
_xFilosofĂ­a.
_910950
830 0 _aSynthese library
_9189215
852 _aES-MaACL
_jE-13208
_z.- Donativo doctor Calles
999 _c173525
_d173525